000 00476nam a2200157Ia 4500
003 IN-BaIIA
008 211028s9999 xx 000 0 eng d
040 _cIIA Library
080 _a520.2
_bROY
110 _aThe Royal Society
_9744
245 0 _aCorrespondence concerning the great melbourne telescope
_bin three parts 1852- 1870
_cThe Royal Society
260 _aLondon
_bTaylor and Francis
_c1871
300 _av, 59p.
650 _aMelbourne Telescope
_92054
942 _cBK
999 _c954
_d954